Rees and another v Skerrett and another (Record no. 68213)
[ view plain ]
| 000 -LEADER | |
|---|---|
| fixed length control field | 01516cam a2200277 4500 |
| 001 - CONTROL NUMBER | |
| control field | ABS64316 |
| 008 - FIXED-LENGTH DATA ELEMENTS--GENERAL INFORMATION | |
| fixed length control field | 010910n2001 000 0 eng u |
| 035 ## - SYSTEM CONTROL NUMBER | |
| System control number | (Sirsi) u114497 |
| 245 ## - TITLE STATEMENT | |
| Title | Rees and another v Skerrett and another |
| 260 ## - PUBLICATION, DISTRIBUTION, ETC. | |
| Date of publication, distribution, etc. | 2001 |
| 490 ## - SERIES STATEMENT | |
| Series statement | Weekly Law Reports |
| Volume/sequential designation | [2001] 1 WLR 1541-1555(8) |
| 520 ## - SUMMARY, ETC. | |
| Summary, etc. | CA 23 May 2001. Examined the issue of whether the owner of a terraced property (S) owed a duty of care to the adjoining property's owner (R) following the demolition of the first owner's property, which, without adequate steps taken left R's property inadequately supported and weatherproofed down the common wall. The appeal was allowed as it was decided that the owner of an adjoining property owed a duty of care to provide suitable weatherproofing and to provide support not only against the weight of the structure but against the effect of wind suction on the structure. Full copy of judgment available on http://porch.ccta.gov.uk/courtser/judgements.nsf/Search/4DBCDEAC55FF942180256A560056CE89?OpenDocument. |
| 590 ## - LOCAL NOTE (RLIN) | |
| Local note | ABS |
| 650 ## - SUBJECT ADDED ENTRY--TOPICAL TERM | |
| Topical term or geographic name entry element | REES V SKERRETT |
| 650 ## - SUBJECT ADDED ENTRY--TOPICAL TERM | |
| Topical term or geographic name entry element | Party walls |
| 9 (RLIN) | 6258 |
| 650 ## - SUBJECT ADDED ENTRY--TOPICAL TERM | |
| Topical term or geographic name entry element | RIGHT OF SUPPORT |
| 650 ## - SUBJECT ADDED ENTRY--TOPICAL TERM | |
| Topical term or geographic name entry element | DEMOLITION |
| 650 ## - SUBJECT ADDED ENTRY--TOPICAL TERM | |
| Topical term or geographic name entry element | TERRACED HOUSING |
| 650 ## - SUBJECT ADDED ENTRY--TOPICAL TERM | |
| Topical term or geographic name entry element | SURVEYORS' DUTY OF CARE |
| 650 ## - SUBJECT ADDED ENTRY--TOPICAL TERM | |
| Topical term or geographic name entry element | NEGLIGENCE |
| 650 ## - SUBJECT ADDED ENTRY--TOPICAL TERM | |
| Topical term or geographic name entry element | NUISANCE |
| 650 ## - SUBJECT ADDED ENTRY--TOPICAL TERM | |
| Topical term or geographic name entry element | OCCUPIERS' LIABILITY |
| 690 ## - LOCAL SUBJECT ADDED ENTRY--TOPICAL TERM (OCLC, RLIN) | |
| Topical term or geographic name as entry element | Boundary disputes |
| 9 (RLIN) | 6221 |
| 856 ## - ELECTRONIC LOCATION AND ACCESS | |
| Uniform Resource Identifier | <a href="https://porch.ccta.gov.uk/courtser/judgements.nsf/Search/4DBCDEAC55FF942180256A560056CE89?OpenDocument">https://porch.ccta.gov.uk/courtser/judgements.nsf/Search/4DBCDEAC55FF942180256A560056CE89?OpenDocument</a> |
| 942 ## - ADDED ENTRY ELEMENTS (KOHA) | |
| Suppress in OPAC | 0 |
| Withdrawn status | Lost status | Source of classification or shelving scheme | Damaged status | Not for loan | Home library | Current library | Shelving location | Date acquired | Total Checkouts | Full call number | Barcode | Date last seen | Copy number | Price effective from | Koha item type |
|---|---|---|---|---|---|---|---|---|---|---|---|---|---|---|---|
| Dewey Decimal Classification | London | London | Journal article | 10/09/2001 | ABS64316 | 114497-1001 | 06/08/2019 | 1 | 06/08/2019 | Law report |